Выдающиеся ученые Геологического комитета - ВСЕГЕИ
| Autor Corporativo: | |
|---|---|
| Outros autores: | |
| Idioma: | ruso |
| Publicado: |
Ленинград, Наука, 1982
|
| Subjects: |
Рябинин
> А. Н.
> профессор палеонтологии Московской горной академии (1918-1922)
> директор Геологического комитета (1919-1923)
> 1874-1942
> Анатолий Николаевич
Заварицкий
> А. Н.
> выдающийся ученый
> геолог
> академик АН СССР
> 1884-1952
> Александр Николаевич
Ерофеев
> В. Г.
> российский геолог
> 1822-1884
> Василий Гаврилович
> один из основателей Геологического комитета
Никитин
> С. Н.
> русский ученый
> геолог
> 1851-1909
> Сергей Николаевич
> географ
> член-корреспондент Петербургской АН
Эдельштейн
> Я. С.
> российский геолог
> один из создателей отечественной геоморфологии
> 1869-1952
> Яков Самойлович
Малявкин
> С. Ф.
> российский геолог
> основоположник Ленинградской школы литологов
> 1876-1937
> Семен Филиппович
|
| Formato: | MixedMaterials Libro |
| KOHA link: | https://koha.lib.tpu.ru/cgi-bin/koha/opac-detail.pl?biblionumber=88557 |
MARC
| LEADER | 00000nam0a2200000 4500 | ||
|---|---|---|---|
| 001 | 88557 | ||
| 005 | 20231101213616.0 | ||
| 035 | |a (RuTPU)RU\TPU\book\95041 | ||
| 090 | |a 88557 | ||
| 100 | |a 20051227d1982 km y0rusy50 ca | ||
| 101 | 0 | |a rus | |
| 102 | |a RU | ||
| 105 | |a c z 001zd | ||
| 200 | 1 | |a Выдающиеся ученые Геологического комитета - ВСЕГЕИ |f Всесоюзный научно-исследовательский геологический институт; под ред. А. П. Марковского | |
| 210 | |a Ленинград |c Наука |d 1982 | ||
| 215 | |a 264 с. |c портр. | ||
| 320 | |a Библиогр. в конце ст. | ||
| 600 | 1 | |a Рябинин |b А. Н. |c профессор палеонтологии Московской горной академии (1918-1922) |c директор Геологического комитета (1919-1923) |f 1874-1942 |g Анатолий Николаевич |2 stltpush |3 (RuTPU)RU\TPU\pers\23732 |9 10413 | |
| 600 | 1 | |a Заварицкий |b А. Н. |c выдающийся ученый |c геолог |c академик АН СССР |f 1884-1952 |g Александр Николаевич |2 stltpush |3 (RuTPU)RU\TPU\pers\28622 |9 13438 | |
| 600 | 1 | |a Жемчужников |b Ю. А. |c русский геолог |c углепетрограф |f 1885-1957 |g Юрий Аполлонович |2 stltpush |3 (RuTPU)RU\TPU\pers\23860 |9 10504 | |
| 600 | 1 | |a Николаев |b В. А. |c минералог |c петрограф |f 1893-1960 |g Виктор Арсеньевич |2 stltpush |3 (RuTPU)RU\TPU\pers\23901 |9 10545 | |
| 600 | 1 | |a Смирнов |b С. С. |c русский геолог |c академик АН СССР (1943) |f 1895-1947 |g Сергей Сергеевич |2 stltpush |3 (RuTPU)RU\TPU\pers\15073 |9 5162 | |
| 600 | 1 | |a Ерофеев |b В. Г. |c российский геолог |f 1822-1884 |g Василий Гаврилович |c один из основателей Геологического комитета |2 stltpush |3 (RuTPU)RU\TPU\pers\29772 | |
| 600 | 1 | |a Никитин |b С. Н. |c русский ученый |c геолог |f 1851-1909 |g Сергей Николаевич |c географ |c член-корреспондент Петербургской АН |2 stltpush |3 (RuTPU)RU\TPU\pers\29773 | |
| 600 | 1 | |a Эдельштейн |b Я. С. |c российский геолог |c один из создателей отечественной геоморфологии |f 1869-1952 |g Яков Самойлович |2 stltpush |3 (RuTPU)RU\TPU\pers\29774 |9 14251 | |
| 600 | 1 | |a Малявкин |b С. Ф. |c российский геолог |c основоположник Ленинградской школы литологов |f 1876-1937 |g Семен Филиппович |2 stltpush |3 (RuTPU)RU\TPU\pers\29775 |9 14252 | |
| 600 | 1 | |a Лодочников (Лодочникянц) |b В. Н. (Н. В. Н.) |c российский геолог и петрограф |c профессор Ленинградского горного института |f 1887-1943 |g Владимир Никитович (Новакян Вартан Нерсесович) |2 stltpush |3 (RuTPU)RU\TPU\pers\29776 |9 14253 | |
| 600 | 1 | |a Татаринов |b П. М. |c российский геолог |c член-корреспондент АН СССР |f 1895-1976 |g Павел Михайлович |2 stltpush |3 (RuTPU)RU\TPU\pers\29777 |9 14254 | |
| 600 | 1 | |a Билибин |b Ю. А. |c российский геолог |c член-корреспондент АН СССР |f 1901-1952 |g Юрий Александрович |2 stltpush |3 (RuTPU)RU\TPU\pers\29778 |9 14255 | |
| 610 | 1 | |a геологи | |
| 610 | 1 | |a ученые | |
| 610 | 1 | |a геологический комитет | |
| 610 | 1 | |a биографии | |
| 610 | 1 | |a 19 век | |
| 610 | 1 | |a геологическое учреждение | |
| 610 | 1 | |a 20 век | |
| 675 | |a 55(092) |v 3 | ||
| 702 | 1 | |a Марковский |b А. П. |4 340 | |
| 712 | 0 | 2 | |a Всесоюзный научно-исследовательский геологический институт (ВСЕГЕИ) |c (Ленинград) |c (1939-1991) |2 stltpush |3 (RuTPU)RU\TPU\col\11367 |
| 801 | 1 | |a RU |b 63413507 |c 20051227 |g PSBO | |
| 801 | 2 | |a RU |b 63413507 |c 20150211 |g PSBO | |
| 942 | |c BK | ||